Aventuras, inventos y mixtificaciones de Silvestre Paradox / (Record no. 29745)

MARC details
000 -LEADER
campo de control de longitud fija 00577nam a2200181 i 4500
001 - NÚMERO DE CONTROL
campo de control 29745
003 - IDENTIFICADOR DE NÚMERO DE CONTROL
campo de control ES-MaACL
005 - FECHA Y HORA DE LA ÚLTIMA TRANSACCIÓN
campo de control 20231224062912.0
007 - CAMPO FIJO DE DESCRIPCIÓN FÍSICA--INFORMACIÓN GENERAL
campo de control de longitud fija t|
008 - DATOS DE LONGITUD FIJA--INFORMACIÓN GENERAL
campo de control de longitud fija 030122s1973 sp a |||| | spa d
100 1# - ENTRADA PRINCIPAL--NOMBRE DE PERSONA
Nombre de persona Baroja, Pío,
Fechas asociadas al nombre 1872-1956
9 (RLIN) 25752
245 10 - MENCIÓN DEL TÍTULO
Título Aventuras, inventos y mixtificaciones de Silvestre Paradox /
Mención de responsabilidad, etc. Pío Baroja ; [ilustraciones de Julio Caro Baroja].
260 ## - PUBLICACIÓN, DISTRIBUCIÓN, ETC.
Lugar de publicación, distribución, etc. Madrid :
Nombre del editor, distribuidor, etc. Caro Raggio,
Fecha de publicación, distribución, etc. [1973]
300 ## - DESCRIPCIÓN FÍSICA
Extensión 353 p. :
Otras características físicas il. ;
Dimensiones 19 cm.
700 1# - ENTRADA AGREGADA--NOMBRE PERSONAL
Nombre de persona Caro Baroja, Julio,
Fechas asociadas al nombre 1914-1995
9 (RLIN) 35403
852 ## - LOCALIZACIÓN
Ubicación ES-MaACL
Número de control de estantería C-54122
Holdings
Estatus retirado Estado de pérdida Estado de daño No para préstamo Biblioteca de origen Biblioteca actual Ubicación en estantería Fecha de adquisición Fuente de adquisición Total de préstamos Signatura topográfica completa Código de barras Visto por última vez Precio de reemplazo Tipo de ítem Koha
        Biblioteca del Ateneo de Madrid Biblioteca del Ateneo de Madrid Depósito 2 17/01/2008     C-54122 1030712 23/02/2023 23/02/2023 Libro impreso